000 00649nam a2200205 a 4500
001 16799
003 CO-ViMGA
008 141112s2004 ck r 000 u spa d
020 _a9701501233
040 _aCO-ViMGA
_bspa
_cCO-ViMGA
082 0 4 _a658.38 O342
100 1 _aOficina Internacional del trabajo,
245 1 0 _aSeguridad, salud y condiciones de trabajo en la transferencia de tecnología a los paises en desarrollo
260 _aMexico ,
_cAlfaOmega,
_c1995
300 _a81.p.
590 _aForma de adquisición : Premio - Mincultura
650 1 4 _aSEGURIDAD INDUSTRIAL
_951373
650 1 4 _aSEGURIDAD SOCIAL
_951597
942 _2ddc
_cBK
999 _c26449
_d26449